000 01042nam a2200289 a 4500
001 BRCA_2262
005 20190320203733.0
008 000307s1990 nyua---##b---#001-0#eng-#
020 _a3822802913
040 _aDLC
_cDLC
_dDLC
041 _aeng
044 _ager
050 4 _aND653.G6
_b.W35 1990
100 1 _aWalther, Ingo F.
_96794
245 1 0 _aVincent van Gogh
_bthe Complete Paintings
_cIngo F. Walther, Rainer Metzger.
260 _aNew York
_bTaschen
_c1990
300 _a2 v.
_bil. (algunas a color)
_c33 cm.
500 _aIncluye índice de pinturas e índice de nombres (v.2)
504 _aBibliografía: p. 721-725 (v.2)
505 0 _aContenido: v.1. Etten, April 1881 - Paris, February 1888. -- v.2. Arles, February 1888 - Auvers-sur-Oise, July 1890
600 1 4 _aGogh, Vincent van
_d1853-1890
_xCrítica e interpretación
_96795
650 1 4 _aImpresionismo (Arte)
_zFrancia
_95228
653 0 _aPintores holandeses
700 1 _aGogh, Vincent van
_d1853-1890
_96796
700 1 _aMetzger, Rainer
_96797
942 _2lcc
_cB
999 _c2011
_d2011